书目信息 |
| 题名: |
我国海外工程项目跨文化管理研究
|
|
| 作者: | 彭绪娟 著 | |
| 分册: | ||
| 出版信息: | 成都 西南财经大学出版社 2015.4 |
|
| 页数: | 193页 | |
| 开本: | 21cm | |
| 丛书名: | 博士文库 | |
| 单 册: | ||
| 中图分类: | F752.68 | |
| 科图分类: | ||
| 主题词: | 对外承包--Dui Wai Cheng Bao--工程项目管理--跨文化管理--研究--中国 , 工程项目管理--Gong Cheng Xiang Mu Guan Li , 跨文化管理--Kua Wen Hua Guan Li , 研究--Yan Jiu , 中国--Zhong Guo | |
| 电子资源: | ||
| ISBN: | 978-7-5504-1692-5 | |
| 000 | 01491nam0 22003251 450 | |
| 001 | 350722 | |
| 005 | 20161011170257.78 | |
| 010 | @a978-7-5504-1692-5@dCNY40.50 | |
| 100 | @a20150824d2015 kemy0chiy50 ea | |
| 101 | 0 | @achi@deng |
| 102 | @aCN@b510000 | |
| 105 | @ay v 000yy | |
| 106 | @ar | |
| 200 | 1 | @a我国海外工程项目跨文化管理研究@AWo Guo Hai Wai Gong Cheng Xiang Mu Kua Wen Hua Guan Li Yan Jiu@dResearch on cross-cultural management of overseas engineering projects@zeng@f彭绪娟著 |
| 205 | @a2版 | |
| 210 | @a成都@c西南财经大学出版社@d2015.4 | |
| 215 | @a193页@d21cm | |
| 225 | 2 | @a博士文库@ABo Shi Wen Ku |
| 330 | @a本书构建了我国海外工程项目跨文化管理的模型与机制:从跨文化适应的四个维度——团队文化、人力资源、组织沟通、领导决策,分析了海外工程项目跨文化经营中的问题,提出了跨文化管理的途经与策略,形成了海外工程项目跨文化适应的内部管理机制;从与东道国、母国政府、母国本部的交互作用域协调适应上,构建我国海外工程项目跨文化适应的外部协调机制。 | |
| 461 | 0 | @12001 @a博士文库 |
| 510 | 1 | @aResearch on cross-cultural management of overseas engineering projects@zeng |
| 606 | 0 | @a对外承包@ADui Wai Cheng Bao@x工程项目管理@x跨文化管理@x研究@y中国 |
| 606 | 0 | @a工程项目管理@AGong Cheng Xiang Mu Guan Li |
| 606 | 0 | @a跨文化管理@AKua Wen Hua Guan Li |
| 606 | 0 | @a研究@AYan Jiu |
| 606 | 0 | @a中国@AZhong Guo |
| 690 | @aF752.68@v5 | |
| 701 | 0 | @a彭绪娟@APeng Xu Juan@c(女,@f1976-)@4著 |
| 801 | 0 | @aCN@bTANGWEI@c20160808 |
| 905 | @b0891455-9@dF752.68@e47=2@f5 | |
| 我国海外工程项目跨文化管理研究=Research on cross-cultural management of overseas engineering projects/彭绪娟著.-2版.-成都:西南财经大学出版社,2015.4 |
| 193页;21cm.-(博士文库) |
| ISBN 978-7-5504-1692-5:CNY40.50 |
| 本书构建了我国海外工程项目跨文化管理的模型与机制:从跨文化适应的四个维度——团队文化、人力资源、组织沟通、领导决策,分析了海外工程项目跨文化经营中的问题,提出了跨文化管理的途经与策略,形成了海外工程项目跨文化适应的内部管理机制;从与东道国、母国政府、母国本部的交互作用域协调适应上,构建我国海外工程项目跨文化适应的外部协调机制。 |
| ● |
| 相关链接 |
|
|
|
|
正题名:我国海外工程项目跨文化管理研究
索取号:F752.68/47=2
 
预约/预借
| 序号 | 登录号 | 条形码 | 馆藏地/架位号 | 状态 | 备注 |
| 1 | 0891455 | 208914558 | 第一样本阅览室/ [索取号:F752.68/47=2] | 在馆 | |
| 2 | 0891456 | 208914567 | 密集书库-海洋学院/ [索取号:F752.68/47=2] | 在馆 | |
| 3 | 0891457 | 208914576 | 第一借阅区/ [索取号:F752.68/47=2] | 在馆 | |
| 4 | 0891458 | 208914585 | 第一借阅区/ [索取号:F752.68/47=2] | 在馆 | |
| 5 | 0891459 | 208914594 | 第一借阅区/ [索取号:F752.68/47=2] | 在馆 |